Učitavanje...
Histology /
| Format: | Printed Book |
|---|---|
| Jezik: | English |
| Izdano: |
New York :
McGraw-Hill,
1966
|
| LEADER | 00487nam a22001457a 4500 | ||
|---|---|---|---|
| 003 | OSt | ||
| 005 | 20200624134541.0 | ||
| 008 | 151211b xxu||||| |||| 00| 0 eng d | ||
| 082 | |a 574.824 GRE/H | ||
| 245 | |a Histology / |c edited by Roy O. Greep | ||
| 260 | |a New York : |b McGraw-Hill, |c 1966 | ||
| 300 | |a 914p. | ||
| 942 | |2 ddc |c BK | ||
| 999 | |c 324409 |d 324409 | ||
| 952 | |0 0 |1 0 |2 ddc |4 0 |6 574_824000000000000_GRE_H |7 0 |9 370907 |a CSC |b CSC |c ST1 |d 2015-12-11 |i 3202 |l 0 |o 574.824 GRE/H |p CSC3202 |r 2015-12-11 |w 2015-12-11 |y BK | ||